000 00669nam a22002057a 4500
008 160912b xxu||||| |||| 00| 0 eng d
020 _a0321036484
082 _22000
_aDC 302.34
_bB39
100 _914438
_aBeebe, Steven A.
245 _aCommunicating in small groups/
_cSteven A. Beebe and John T. Masterson.
250 _a6th edition
260 _aNew York:
_bLonman;
_cc2000.
300 _axxii, 389 pages:
_billustrations;
_c23 cm.
500 _aIncludes index.
650 0 _914439
_aSmall groups
650 0 _914440
_aCommunication in small groups
650 0 _914441
_aGroup relations training
700 _914442
_aMasterson, John T.
_eAuthor
942 _2ddc
_cDC
999 _c4485
_d4485